| 000 | 00346nam a2200121Ia 4500 | ||
|---|---|---|---|
| 008 | 210430s9999 xx 000 0 und d | ||
| 082 | _a297.272Y35I | ||
| 100 | _aYayla, Atilla | ||
| 245 |
_aIslam, civil society & market economy(or mandi ki maeeshat) _cYayla, Atilla |
||
| 260 |
_aislamabad _bliberty _c2002 |
||
| 300 | _a166p. | ||
| 942 |
_cBK _2ddc |
||
| 999 |
_c565956 _d565956 |
||